[Event "Mittelfrankenliga-B2a 0506"]
[Site "Germany"]
[Date "2006.02.12"]
[Round "6.5"]
[White "Laibing, Kai Ingo"]
[Black "Schwab, Edgar"]
[Result "1-0"]
[WhiteElo "1850"]
[BlackElo "1866"]
[PlyCount "87"]
[EventDate "2005.10.16"]
[EventType "team"]
[EventRounds "9"]
[EventCountry "GER"]
[SourceTitle "EXT 2007"]
[Source "ChessBase"]
[SourceDate "2006.11.23"]
[SourceVersion "1"]
[SourceVersionDate "2006.11.23"]
[SourceQuality "1"]

1. b3 d5 2. Bb2 c5 3. Nf3 Nc6 4. g3 Bf5 5. Bg2 e6 6. d3 Nf6 7. Nbd2 h6 8. e3 Be7 9. a3 0-0 10. 0-0 b5 11. Qe2 Bg4 12. h3 Bh5 13. Rfe1 Qb6 14. Rab1 Rac8 15. c4 a6 16. g4 Bg6 17. Ne5 Nxe5 18. Bxe5 Rfd8 19. e4 dxe4 20. dxe4 b4 21. a4 Bd6 22. Bb2 Bf4 23. Rbd1 e5 24. Nf1 Qe6 25. f3 Nd7 26. Ne3 h5 27. Nd5 Bg3 28. Rf1 hxg4 29. fxg4 Nb8 30. Qe3 Bh4 31. Kh2 Be7 32. Qg3 Nc6 33. h4 Nd4 34. h5 Bh7 35. g5 Rc6 36. Rf2 Kf8 37. g6 Bg8 38. Bh3 Qd6 39. gxf7 Bh7 40. Bxd4 exd4 41. e5 Qh6 42. Nxe7 Kxe7 43. e6 Qxh5 44. Qxg7 1-0